000 00718nam a22002057a 4500
005 20251108172847.0
008 250721s2003 xx 000 0 ara d
082 1 4 _a305.40956/محم
100 1 _aالمحمد، تاج الدين
245 1 0 _aالمرأة في المشروع النهضوي العربي : إنطلاقة عصرية في عهد التحديث /
264 1 _aدمشق :
_bدار الرضا للنشر،
_c2003.
300 _a213 ص.
490 0 _aسلسلة الرضا للعلوم الإجتماعية
_v212
650 1 7 _aالمرأة
650 1 7 _aدور المرأة
650 1 7 _aحقوق المرأة
650 1 7 _aالبلدان العربية
942 _2ddc
_cREF
999 _c90251
_d90251